| 000 | 00389 a2200169 4500 | ||
|---|---|---|---|
| 001 | 59844 | ||
| 020 | _a9788516070052 | ||
| 040 | _cAnchieta - Pituba | ||
| 100 | _aBlakley-Cartwinright, Sarah | ||
| 240 | 1 | 0 |
_aA garota da capa vermelha _lpor |
| 245 | 1 | 0 | _aA garota da capa vermelha |
| 300 | _a339 | ||
| 362 | 0 | _a2011 | |
| 440 | 1 | _aModerna | |
| 650 | 4 | _aLiteratura juvenil | |
| 942 | _cBK | ||
| 999 |
_c59844 _d59844 |
||